| 000 | 00557nam a22001817a 4500 | ||
|---|---|---|---|
| 003 | CEME | ||
| 005 | 20210628202719.0 | ||
| 008 | 210122b xxu||||| |||| 00| 0 eng d | ||
| 020 | _a1-84628-185-7 | ||
| 040 | _cceme | ||
| 082 | _a006.693 CHE | ||
| 100 |
_aChen, Jim . X,Wegman, Edward .J _961212 |
||
| 245 | _aFoundations of 3d graphics programming using jogl and java 3d | ||
| 260 |
_aNEW YORK _bSPRINGER _c2006 |
||
| 300 | _aXIV,293 P | ||
| 650 |
_aCOMPUTER GRAPHICS, THREE DIMENSIONAL IMAGES , JAVA.3D GRAPHICS PROGRAMMING _961213 |
||
| 942 |
_cBK _2ddc |
||
| 999 |
_c570740 _d570740 |
||